| 000 | 01567cam a2200217 4500 | ||
|---|---|---|---|
| 001 | ABS66716 | ||
| 008 | 030520n2003 000 0 eng u | ||
| 035 | _a(Sirsi) u122349 | ||
| 100 | _aMarrs, C. | ||
| 245 | _aHousing provision: a "Regeneration and Renewal" special report | ||
| 260 | _c2003 | ||
| 490 |
_aRegeneration and Renewal _v9 May 2003, 17-20(4) |
||
| 520 | _aSpecial feature on affordable housing provision. Government is pushing for more social housing in private developments but house builders' attitudes vary significantly. Explains why some house builders are reluctant to provide affordable housing and highlights other barriers to social housing provision such as the shortage of development land. Argues that local authorities could encourage more affordable housing if planning and housing departments worked together on s106 negotiations. Highlights developers who have delivered high levels of affordable housing such as Wimpey and Countryside Properties and cites a good partnership with councils and housing associations as the key to success. Expands on the benefits of partnership and concludes that clearer government guidance is needed to improve the delivery of affordable housing. Includes research by "Regeneration and Renewal" into the number of affordable house completions by house builders. Graphs and chart. | ||
| 590 | _aABS | ||
| 650 | _aHOUSING PROVISION | ||
| 650 | _aHOUSE BUILDERS | ||
| 650 | _aDEVELOPERS | ||
| 650 | _aTOWN AND COUNTRY PLANNING ACT 1990 S106 | ||
| 690 |
_aAffordable housing _96215 |
||
| 942 | _n0 | ||
| 999 |
_c72711 _d72711 |
||